000 00334nam a2200121Ia 4500
008 190722s9999 xx 000 0 und d
020 _a1-902741-82-x
100 _aKen Taylor
245 0 _aFifty ways to improve your Business English Without to much effort
260 _aUk
_bSummertown Publishing
_c2006
300 _a129
942 _cBK
999 _c857
_d857